<?xml version="1.0" encoding="UTF-8"?>
<record
    xmlns:xsi="http://www.w3.org/2001/XMLSchema-instance"
    xsi:schemaLocation="http://www.loc.gov/MARC21/slim http://www.loc.gov/standards/marcxml/schema/MARC21slim.xsd"
    xmlns="http://www.loc.gov/MARC21/slim">

  <leader>03462nam a2200325 a 4500</leader>
  <controlfield tag="001">000004040</controlfield>
  <controlfield tag="003">DO-SdBNP</controlfield>
  <controlfield tag="005">20221124081812.0</controlfield>
  <controlfield tag="008">090716t2007    dr            001 p spa d</controlfield>
  <datafield tag="020" ind1=" " ind2=" ">
    <subfield code="a">9789993442684</subfield>
  </datafield>
  <datafield tag="040" ind1=" " ind2=" ">
    <subfield code="a">DO-SdBNP</subfield>
    <subfield code="b">spa</subfield>
    <subfield code="c">BPMSU </subfield>
  </datafield>
  <datafield tag="082" ind1=" " ind2="4">
    <subfield code="a">RD861.08</subfield>
    <subfield code="b">A634p 2006</subfield>
    <subfield code="2">22</subfield>
  </datafield>
  <datafield tag="245" ind1="0" ind2="0">
    <subfield code="a">Antolog&#xED;a po&#xE9;tica del sur /</subfield>
    <subfield code="c">compilaci&#xF3;n Juan B. Nina ; pr&#xF3;logo Odal&#xED;s G. P&#xE9;rez.</subfield>
  </datafield>
  <datafield tag="260" ind1=" " ind2=" ">
    <subfield code="a">Santo Domingo :</subfield>
    <subfield code="b">Direcci&#xF3;n General de la Feria del Libro,</subfield>
    <subfield code="c">2007.</subfield>
  </datafield>
  <datafield tag="300" ind1=" " ind2=" ">
    <subfield code="a">260 p. ;</subfield>
    <subfield code="c">23 cm.</subfield>
  </datafield>
  <datafield tag="490" ind1="0" ind2=" ">
    <subfield code="a">Ediciones Ferilibro</subfield>
    <subfield code="v">107</subfield>
  </datafield>
  <datafield tag="500" ind1=" " ind2=" ">
    <subfield code="a">Incluye datos biogr&#xE1;ficos del compilador en la solapa de cubierta </subfield>
  </datafield>
  <datafield tag="504" ind1=" " ind2=" ">
    <subfield code="a">Bibliograf&#xED;a : p. 251-260.</subfield>
  </datafield>
  <datafield tag="505" ind1="0" ind2=" ">
    <subfield code="g">Presentaci&#xF3;n /</subfield>
    <subfield code="r">Alejandro Arvelo --</subfield>
    <subfield code="r">Pr&#xF3;logo:</subfield>
    <subfield code="r">Odal&#xED;s G. P&#xE9;rez --</subfield>
    <subfield code="t">Notas del autor /</subfield>
    <subfield code="r">Juan B. Nina --</subfield>
    <subfield code="a">San Crist&#xF3;bal :</subfield>
    <subfield code="r">Osvaldo Bazil --</subfield>
    <subfield code="r">Tulio M. Cestero --</subfield>
    <subfield code="r">Zacar&#xED;as Espinal --</subfield>
    <subfield code="r">H&#xE9;ctor D&#xED;az Polanco --</subfield>
    <subfield code="r">Ram&#xF3;n Antonio Abad M&#xE9;ndez --</subfield>
    <subfield code="r">C&#xE1;ndido Ger&#xF3;n Ara&#xFA;jo --</subfield>
    <subfield code="r">Odal&#xED;s G. P&#xE9;rez Nina --</subfield>
    <subfield code="r">S&#xF3;crates Barinas Coiscou --</subfield>
    <subfield code="r">Ad&#xE1;n la Paix Valdez --</subfield>
    <subfield code="r">Ram&#xF3;n A. Jaar P&#xE9;rez --</subfield>
    <subfield code="r">Domingo Porfirio Rojas Nina --</subfield>
    <subfield code="r">Di&#xF3;genes Nina --</subfield>
    <subfield code="r">Alejandro Solano --</subfield>
    <subfield code="r">Orlando Suriel (Sueko) --</subfield>
    <subfield code="r">Mario Read Vittini --</subfield>
    <subfield code="r">Guaroa Ubi&#xF1;as Renville --</subfield>
    <subfield code="r">Blanca Kais Barinas</subfield>
    <subfield code="r">Marcial B&#xE1;ez --</subfield>
    <subfield code="r">Mar&#xED;a Victoria Carre&#xF1;o Mont&#xE1;s --</subfield>
    <subfield code="r">Daniel Martich --</subfield>
    <subfield code="r">Ana Romero Franco --</subfield>
    <subfield code="r">An&#xED;bal Monta&#xF1;o --</subfield>
    <subfield code="r">Ninoska Mart&#xED;nez --</subfield>
    <subfield code="r">Jos&#xE9; Calder&#xF3;n --</subfield>
    <subfield code="r">Mart&#xED;n Santos --</subfield>
    <subfield code="g">Peravia :</subfield>
    <subfield code="r">Francisco Gregorio Billini --</subfield>
    <subfield code="r">Encarnaci&#xF3;n Echavarr&#xED;a Villaseca --</subfield>
    <subfield code="r">Marcos A. Cabral -</subfield>
    <subfield code="r">Aquiles Cabral Billini --</subfield>
    <subfield code="r">H&#xE9;ctor Inch&#xE1;ustegui Cabral --</subfield>
    <subfield code="r">Rafael Lara Cintr&#xF3;n --</subfield>
    <subfield code="r">Manuel de Jes&#xFA;s Heredia y Sol&#xE1; --</subfield>
    <subfield code="r">Mar&#xED;a Trinidad Garay y Sol&#xE1; --</subfield>
    <subfield code="r">Benita Bernabel --</subfield>
    <subfield code="r">H&#xE9;ctor P&#xE9;rez Reyes --</subfield>
    <subfield code="g">San Jos&#xE9; de Ocoa :</subfield>
    <subfield code="r">Pedro Pablo Fern&#xE1;ndez --</subfield>
    <subfield code="r">Juan B. Castillo Castillo --</subfield>
    <subfield code="r">Dar&#xED;o Tejeda --</subfield>
    <subfield code="r">Ram&#xF3;n Tejeda Read --</subfield>
    <subfield code="g">Azua :</subfield>
    <subfield code="r">H&#xE9;ctor J. D&#xED;az --</subfield>
    <subfield code="r">Eulogio Cabral --</subfield>
    <subfield code="r">Francisco Javier Amiama G&#xF3;mez --</subfield>
    <subfield code="r">Rafael P&#xE9;rez Matos --</subfield>
    <subfield code="r">Bartolom&#xE9; Olegario P&#xE9;rez --</subfield>
    <subfield code="r">Miguel An&#xED;bal Perdomo --</subfield>
    <subfield code="r">Rannel B&#xE1;ez --</subfield>
    <subfield code="r">Damarys Agramonte --</subfield>
    <subfield code="r">Virgilio L&#xF3;pez --</subfield>
    <subfield code="r">Virgilio L&#xF3;pez --</subfield>
    <subfield code="r">Bernardo Silfa Bor --</subfield>
    <subfield code="r">Otto Oscar Milanese --</subfield>
    <subfield code="r">Rosselys Alc&#xE1;ntara --</subfield>
    <subfield code="r">H.B. de Castro Noboa --</subfield>
  </datafield>
  <datafield tag="505" ind1="0" ind2=" ">
    <subfield code="g">Barahona :</subfield>
    <subfield code="r">Luis Alfredo Torres --</subfield>
    <subfield code="r">Rafael Damir&#xF3;n --</subfield>
    <subfield code="r">Federico Cuello L&#xF3;pez --</subfield>
    <subfield code="r">Antonio da Costa G&#xF3;mez --</subfield>
    <subfield code="r">Roberto Reyes --</subfield>
    <subfield code="r">Juan Matos --</subfield>
    <subfield code="r">Marino Berig&#xFC;ete --</subfield>
    <subfield code="r">Ivelisse da Costa G&#xF3;mez --</subfield>
    <subfield code="g">San Juan :</subfield>
    <subfield code="r">Max Uribe --</subfield>
    <subfield code="r">Salvador Santana --</subfield>
    <subfield code="r">Tulio Cordero --</subfield>
    <subfield code="r">Mar&#xED;a Antonietta Ronzino --</subfield>
    <subfield code="r">Jorge Pi&#xF1;a --</subfield>
    <subfield code="r">Nicol&#xE1;s Mateo --</subfield>
    <subfield code="r">Roberto S&#xE1;nchez --</subfield>
    <subfield code="r">Geraldo Castillo --</subfield>
    <subfield code="r">Cornelio Cipri&#xE1;n Ogando --</subfield>
    <subfield code="r">Jos&#xE9; Enrique M&#xE9;ndez D&#xED;az --</subfield>
    <subfield code="r">Carlos Agramonte --</subfield>
    <subfield code="r">Roberto Canario --</subfield>
    <subfield code="r">Sobiesky de Le&#xF3;n --</subfield>
    <subfield code="r">Oscar Pe&#xF1;a --</subfield>
    <subfield code="g">Bahoruco :</subfield>
    <subfield code="r">Apolinar Perdomo --</subfield>
    <subfield code="r">Angel Hern&#xE1;ndez Acosta --</subfield>
    <subfield code="r">Pedro Caro --</subfield>
    <subfield code="r">Julio Cuevas --</subfield>
    <subfield code="r">Armando A. Sosa Leyba --</subfield>
    <subfield code="r">Petra Savi&#xF1;&#xF3;n --</subfield>
    <subfield code="g">El&#xED;as Pi&#xF1;a :</subfield>
    <subfield code="r">Antonio Acevedo --</subfield>
    <subfield code="r">Rafael Emigdio Caama&#xF1;o Castillo --</subfield>
    <subfield code="r">Paulino Lorenzo y Lorenzo --</subfield>
    <subfield code="g">Independencia :</subfield>
    <subfield code="r">Julio C&#xE9;sar Dotel P&#xE9;rez --</subfield>
    <subfield code="r">Loweski Medina --</subfield>
    <subfield code="g">Pedernales :</subfield>
    <subfield code="r">Confesor Rosario Gil --</subfield>
    <subfield code="g">Bibliograf&#xED;a.</subfield>
  </datafield>
  <datafield tag="590" ind1=" " ind2=" ">
    <subfield code="a">Inventariado, 2022/VM</subfield>
  </datafield>
  <datafield tag="650" ind1=" " ind2="4">
    <subfield code="a">Poes&#xED;a dominicana</subfield>
    <subfield code="x">Colecciones</subfield>
  </datafield>
  <datafield tag="650" ind1=" " ind2="4">
    <subfield code="a">Literatura dominicana.</subfield>
  </datafield>
  <datafield tag="650" ind1=" " ind2="4">
    <subfield code="a">Ciudades y pueblos</subfield>
    <subfield code="v">Poes&#xED;as.</subfield>
  </datafield>
  <datafield tag="651" ind1=" " ind2="4">
    <subfield code="a">Sur (Rep&#xFA;blica Dominicana)</subfield>
    <subfield code="v">Poes&#xED;as</subfield>
  </datafield>
  <datafield tag="700" ind1="1" ind2=" ">
    <subfield code="a">Nina Mart&#xED;nez, Juan Bautista,</subfield>
    <subfield code="d">1959-,</subfield>
    <subfield code="e">comp.</subfield>
  </datafield>
  <datafield tag="700" ind1="1" ind2=" ">
    <subfield code="a">P&#xE9;rez, Odal&#xED;s G.</subfield>
    <subfield code="d">1952-</subfield>
    <subfield code="e">pr&#xF3;l.</subfield>
  </datafield>
  <datafield tag="910" ind1=" " ind2=" ">
    <subfield code="a">VMateo V.Validado </subfield>
  </datafield>
  <datafield tag="942" ind1=" " ind2=" ">
    <subfield code="2">ddc</subfield>
    <subfield code="c">BK</subfield>
  </datafield>
  <datafield tag="952" ind1=" " ind2=" ">
    <subfield code="0">0</subfield>
    <subfield code="1">0</subfield>
    <subfield code="2">ddc</subfield>
    <subfield code="4">0</subfield>
    <subfield code="7">0</subfield>
    <subfield code="8">CD</subfield>
    <subfield code="a">BPMET</subfield>
    <subfield code="b">BPMET</subfield>
    <subfield code="d">2022-02-04</subfield>
    <subfield code="e">Fundac&#xF3;n Juan Bosch </subfield>
    <subfield code="o">BPMSU CD RD861.08 A634p 2007</subfield>
    <subfield code="p">BPMSU22020029</subfield>
    <subfield code="r">2022-02-04</subfield>
    <subfield code="w">2022-02-04</subfield>
    <subfield code="y">BK</subfield>
  </datafield>
  <datafield tag="999" ind1=" " ind2=" ">
    <subfield code="c">14014</subfield>
    <subfield code="d">14014</subfield>
  </datafield>
</record>
